<?xml version="1.0" encoding="UTF-8"?>
<collection xmlns="http://www.loc.gov/MARC21/slim">
 <record>
  <leader>02372nam a2200457 a 4500</leader>
  <controlfield tag="001">1/49299</controlfield>
  <controlfield tag="008">200318s2019    gr       b    00110 gre  </controlfield>
  <datafield tag="020" ind1=" " ind2=" ">
   <subfield code="a">9789600120202</subfield>
  </datafield>
  <datafield tag="035" ind1=" " ind2=" ">
   <subfield code="l">52300</subfield>
  </datafield>
  <datafield tag="040" ind1=" " ind2=" ">
   <subfield code="a">GR-PeUP</subfield>
  </datafield>
  <datafield tag="082" ind1="0" ind2="0">
   <subfield code="a">338.4791 VAN ΜΤΦ</subfield>
  </datafield>
  <datafield tag="100" ind1="1" ind2=" ">
   <subfield code="a">Vanhove, Norbert.</subfield>
  </datafield>
  <datafield tag="245" ind1="1" ind2="3">
   <subfield code="a">Τα οικονομικά των τουριστικών προορισμών :</subfield>
   <subfield code="b">θεωρία και πρακτική /</subfield>
   <subfield code="c">Nobert Vanhove; επιστημονική επιμέλεια Γιώργος Μ. Αγιομυργιανάκης, Αγγελική Ν. Μενεγάκη; μετάφραση Ανδρέας Σοκοδήμος.</subfield>
  </datafield>
  <datafield tag="260" ind1="0" ind2=" ">
   <subfield code="a">Αθήνα :</subfield>
   <subfield code="b">Gutenberg,</subfield>
   <subfield code="c">2019.</subfield>
  </datafield>
  <datafield tag="300" ind1=" " ind2=" ">
   <subfield code="a">718 σ. :</subfield>
   <subfield code="b">πίν., σχ. ;</subfield>
   <subfield code="c">24 εκ.</subfield>
  </datafield>
  <datafield tag="500" ind1=" " ind2=" ">
   <subfield code="a">Τίτλος πρωτοτύπου: The economics of tourism destinations : theory and practice. 3rd ed.</subfield>
  </datafield>
  <datafield tag="504" ind1=" " ind2=" ">
   <subfield code="a">Περιέχει βιβλιογραφία και ευρετήριο.</subfield>
  </datafield>
  <datafield tag="650" ind1=" " ind2="4">
   <subfield code="a">Tourism.</subfield>
  </datafield>
  <datafield tag="650" ind1=" " ind2="4">
   <subfield code="a">Τουρισμός.</subfield>
  </datafield>
  <datafield tag="650" ind1=" " ind2="4">
   <subfield code="a">Τουριστική οικονομία.</subfield>
  </datafield>
  <datafield tag="650" ind1=" " ind2="4">
   <subfield code="a">Τουριστική πολιτική.</subfield>
  </datafield>
  <datafield tag="650" ind1=" " ind2="4">
   <subfield code="a">Τουριστικό εμπόριο</subfield>
   <subfield code="x">Οικονομικές απόψεις.</subfield>
  </datafield>
  <datafield tag="650" ind1=" " ind2="4">
   <subfield code="a">Tourist trade.</subfield>
  </datafield>
  <datafield tag="650" ind1=" " ind2="4">
   <subfield code="a">Tourism</subfield>
   <subfield code="x">Taxation.</subfield>
  </datafield>
  <datafield tag="650" ind1=" " ind2="4">
   <subfield code="a">Tourism policy.</subfield>
  </datafield>
  <datafield tag="650" ind1=" " ind2="4">
   <subfield code="a">Tourism</subfield>
   <subfield code="x">Planning.</subfield>
  </datafield>
  <datafield tag="650" ind1=" " ind2="4">
   <subfield code="a">Tourism</subfield>
   <subfield code="x">Law and legislation.</subfield>
  </datafield>
  <datafield tag="650" ind1=" " ind2="4">
   <subfield code="a">Tourism</subfield>
   <subfield code="x">Developing.</subfield>
  </datafield>
  <datafield tag="650" ind1=" " ind2="4">
   <subfield code="a">Hospitality industry</subfield>
   <subfield code="x">Economics.</subfield>
  </datafield>
  <datafield tag="650" ind1=" " ind2="4">
   <subfield code="a">Βιομηχανία φιλοξενίας</subfield>
   <subfield code="x">Οικονομία.</subfield>
  </datafield>
  <datafield tag="650" ind1=" " ind2="4">
   <subfield code="a">Tourism</subfield>
   <subfield code="x">Economic aspects.</subfield>
  </datafield>
  <datafield tag="650" ind1=" " ind2="4">
   <subfield code="a">Tourism</subfield>
   <subfield code="x">Management.</subfield>
  </datafield>
  <datafield tag="650" ind1=" " ind2="4">
   <subfield code="a">Travel industry.</subfield>
  </datafield>
  <datafield tag="700" ind1="1" ind2=" ">
   <subfield code="a">Μενεγάκη, Αγγελική Ν.</subfield>
  </datafield>
  <datafield tag="700" ind1="1" ind2=" ">
   <subfield code="a">Αγιομυργιανάκης, Γιώργος Μ.</subfield>
  </datafield>
  <datafield tag="700" ind1="1" ind2=" ">
   <subfield code="a">Σοκοδήμος, Ανδρέας.</subfield>
  </datafield>
  <datafield tag="852" ind1=" " ind2=" ">
   <subfield code="a">INST</subfield>
   <subfield code="b">UNIPILB</subfield>
   <subfield code="c">MAIN</subfield>
   <subfield code="e">20200318</subfield>
   <subfield code="h">338.4791 VAN ΜΤΦ</subfield>
   <subfield code="p">00182659</subfield>
   <subfield code="q">00182659</subfield>
   <subfield code="t">CLOCOL</subfield>
   <subfield code="y">0</subfield>
   <subfield code="4">1</subfield>
  </datafield>
  <datafield tag="852" ind1=" " ind2=" ">
   <subfield code="a">INST</subfield>
   <subfield code="b">UNIPILB</subfield>
   <subfield code="c">MAIN</subfield>
   <subfield code="e">20200318</subfield>
   <subfield code="h">338.4791 VAN ΜΤΦ</subfield>
   <subfield code="p">00182660</subfield>
   <subfield code="q">00182660</subfield>
   <subfield code="t">CLOCOL</subfield>
   <subfield code="y">0</subfield>
   <subfield code="4">2</subfield>
  </datafield>
  <datafield tag="852" ind1=" " ind2=" ">
   <subfield code="a">INST</subfield>
   <subfield code="b">UNIPILB</subfield>
   <subfield code="c">MAIN</subfield>
   <subfield code="e">20200318</subfield>
   <subfield code="h">338.4791 VAN ΜΤΦ</subfield>
   <subfield code="p">00182661</subfield>
   <subfield code="q">00182661</subfield>
   <subfield code="t">CLOCOL</subfield>
   <subfield code="y">0</subfield>
   <subfield code="4">3</subfield>
  </datafield>
  <datafield tag="852" ind1=" " ind2=" ">
   <subfield code="a">INST</subfield>
   <subfield code="b">UNIPILB</subfield>
   <subfield code="c">MAIN</subfield>
   <subfield code="e">20200318</subfield>
   <subfield code="h">338.4791 VAN ΜΤΦ</subfield>
   <subfield code="p">00182662</subfield>
   <subfield code="q">00182662</subfield>
   <subfield code="t">CLOCOL</subfield>
   <subfield code="y">0</subfield>
   <subfield code="4">3</subfield>
  </datafield>
  <datafield tag="852" ind1=" " ind2=" ">
   <subfield code="a">INST</subfield>
   <subfield code="b">UNIPILB</subfield>
   <subfield code="c">MAIN</subfield>
   <subfield code="e">20200318</subfield>
   <subfield code="h">338.4791 VAN ΜΤΦ</subfield>
   <subfield code="p">00182663</subfield>
   <subfield code="q">00182663</subfield>
   <subfield code="t">CLOCOL</subfield>
   <subfield code="y">23</subfield>
   <subfield code="4">5</subfield>
  </datafield>
 </record>
</collection>
